|
|
|
|
| LEADER |
00000nas a2200000 a 4500 |
| 001 |
ssj0001107 |
| 003 |
WaSeSS |
| 005 |
20200512172242.0 |
| 006 |
m d |
| 007 |
cr n |
| 008 |
990618c19849999ne qr pss 0 a0eng c |
| 010 |
|
|
|a 2004233334
|
| 016 |
7 |
|
|a 2015669-8
|2 DE-600
|
| 022 |
|
|
|a 1573-1790
|l 0826-4805
|y 0826-4805
|
| 035 |
|
|
|a (WaSeSS)ssj0001107
|
| 040 |
|
|
|a F#A
|b eng
|e pn
|c F#A
|d OCLCQ
|d MUQ
|d OCLCQ
|d GUA
|d OCLCS
|d SERSO
|d CIT
|d CLU
|d OCLCQ
|d OCLCF
|d OCLCO
|d OCLCQ
|d EZC
|d DLC
|d VT2
|d NJT
|d WaSeSS
|
| 042 |
|
|
|a pcc
|
| 050 |
0 |
0 |
|a L11
|
| 082 |
0 |
4 |
|a 370
|
| 130 |
0 |
|
|a Interchange (Toronto, Ont. : 1984 : Online)
|
| 210 |
0 |
|
|a Interchange
|b (Dordr., Online)
|
| 222 |
|
0 |
|a Interchange
|b (Dordrecht. Online)
|
| 245 |
1 |
0 |
|a Interchange
|h [electronic resource].
|
| 260 |
|
|
|a [Dordrecht] :
|b Kluwer Academic Publishers
|
| 310 |
|
|
|a Four no. a year
|
| 362 |
1 |
|
|a Print began with v. 15, no. 2, published in 1984.
|
| 500 |
|
|
|a "A quarterly review of education."
|
| 500 |
|
|
|a Published: Dordrecht : Springer Netherlands, <2004->
|
| 506 |
|
|
|a License restrictions may limit access.
|
| 515 |
|
|
|a Some nos. issued in combined form.
|
| 550 |
|
|
|a Issued in cooperation with the Ontario Institute for Studies in Education, 1992-; issued by the Faculty of Education, the University of Calgary, <2010->
|
| 588 |
|
|
|a Description based on: Vol. 21, issue 1 (Jan. 1997); title from contents screen (publisher's Web site, viewed Mar. 11, 2004).
|
| 588 |
|
|
|a Latest issue consulted: Vol. 50, no. 1 (Feb. 2019) (Springer Link, viewed Apr. 10, 2019).
|
| 650 |
|
0 |
|a Education
|v Periodicals.
|
| 650 |
|
6 |
|a Éducation
|v Périodiques.
|
| 650 |
|
7 |
|a Education.
|2 fast
|0 (OCoLC)fst00902499
|
| 655 |
|
0 |
|a Electronic journals.
|
| 710 |
2 |
|
|a Ontario Institute for Studies in Education.
|
| 710 |
2 |
|
|a University of Calgary.
|b Faculty of Education.
|
| 776 |
0 |
8 |
|i Print version:
|t Interchange (Toronto, Ont. : 1984)
|x 0826-4805
|w (DLC) 85643949
|w (OCoLC)11093656
|
| 780 |
0 |
0 |
|t Interchange on education
|w (OCoLC)317585118
|
| 850 |
|
|
|a DLC
|
| 856 |
4 |
0 |
|z Full text available from Research Library: 12/01/2013 to 1 year ago
|u https://search.proquest.com/publication/47497
|